000 00417 a2200169 4500
001 190674
020 _a85-325-2035-9
040 _cMagnum
100 _aTroisi, Licia
240 1 0 _aCrônicas do mundo inverso: a missão de senar
_lpor
245 1 0 _aCrônicas do mundo inverso: a missão de senar
300 _a334
362 0 _a2006
440 1 _aRocco
697 _aLITERATURA GERAL ESTRANGEIRA
942 _cBK
999 _c190674
_d190674